Las buenas conciencias
Jaime Ceballos, un joven en pleno desarrollo, busca su papel en la vida y descubrirse a sí mismo. En este proceso, el debate principal es entre cumplir los deseos de una sociedad movida por el cristianismo o dejarse llevar por sus deseos. El discurso presente es la doble moral de una sociedad con i...
Uloženo v:
| Hlavní autor: | |
|---|---|
| Médium: | Kniha |
| Jazyk: | Undetermined |
| Vydáno: |
México, Distrito Federal
Fondo de Cultura Económica
1986
|
| Témata: | |
| Tagy: |
Přidat tag
Žádné tagy, Buďte první, kdo vytvoří štítek k tomuto záznamu!
|
MARC
| LEADER | 00000nam a2200000Ia 4500 | ||
|---|---|---|---|
| 008 | 170316s9999 xx 000 0 und d | ||
| 040 | |a cru BVZT | ||
| 090 | |a 860 F-9b | ||
| 100 | |a Fuentes, Carlos |9 305 | ||
| 245 | |a Las buenas conciencias | ||
| 260 | |a México, Distrito Federal | ||
| 260 | |b Fondo de Cultura Económica | ||
| 260 | |c 1986 | ||
| 300 | |a 191 páginas | ||
| 520 | |a Jaime Ceballos, un joven en pleno desarrollo, busca su papel en la vida y descubrirse a sí mismo. En este proceso, el debate principal es entre cumplir los deseos de una sociedad movida por el cristianismo o dejarse llevar por sus deseos. El discurso presente es la doble moral de una sociedad con ideales arraigados y cerrados. | ||
| 650 | |a LITERATURA LATINOAMERICANA |9 15 | ||
| 999 | |c 8670 |d 8670 | ||
| 942 | |c 15 D |h 860 F-9b |2 z | ||
